000
00265nam a2200097Ia 4500
008
240331s9999 xx 000 0 und d
082
_b
OUR
100
_a
Sharma,M. ed
245
0
_a
Our struggles our lives :
_b
true stories of the lives of Indian single women
942
_c
L
999
_c
1403
_d
1403